Schlag den Star - Wer ist das? (6) - Statistiken

Allgemein
  • Dieses Quiz wurde 225 mal gespielt
  • Das Durchschnittsergebnis liegt bei 35 aus 100
Antwortstatistiken
Bildquiz Antwort % Korrekt
Mark Forster
94%
Angela Merkel
93%
Manuel Neuer
90%
Michael Jackson
90%
Elon Musk
89%
Mona Lisa
89%
Carmen Geiss
87%
Joe Biden
87%
Joshua Kimmich
86%
Dagobert Duck
84%
Jens Spahn
84%
Michael Schumacher
83%
Sarah Connor
76%
Tom Cruise
76%
Santa Claus
75%
Kanye West
73%
Lightning McQueen
73%
Ross Antony
70%
Der Räuber Hotzenplotz
68%
Kurt Krömer
67%
Palina Rojinski
67%
Wolfgang Petry
65%
Julius Cäsar
63%
Kevin Trapp
63%
David Hasselhoff
60%
Johannes B. Kerner
59%
Johann Sebastian Bach
59%
Carsten Stahl
56%
Dieter Nuhr
56%
Jürgen Drews
56%
Ben Stiller
55%
Cameron Diaz
53%
Chris Hemsworth
52%
Jason Derulo
52%
Michelle Hunziker
52%
Helge Schneider
50%
Rick Kavanian
50%
Cillian Murphy
47%
Moby Dick
47%
Dunja Hayali
44%
Usher
40%
Daniel Ricciardo
36%
Kelly Clarkson
36%
Käpt‘n Iglo
30%
Milo Thatch
30%
Sigmund Freud
30%
Vicky Leandros
30%
Demi Lovato
28%
Micky Beisenherz
27%
Miss Marple
27%
James Corden
26%
Armin Maiwald
25%
Malte Zierden
24%
Mario Novembre
24%
Aretha Franklin
20%
Sarah Harrison
20%
Stefanie Hertel
20%
Liam Gallagher
19%
Madelyn Cline
18%
Jordan Torunarigha
17%
Ellen Pompeo
13%
Mary Roos
13%
Oana Nechiti
12%
Günther Klum
11%
Amy Macdonald
10%
Kim Petras
10%
Königin Letizia von Spanien
10%
Vera Birkenbihl
10%
Gonzo
9%
Hendrik Pekeler
9%
Ivanka Trump
9%
Laura Siegemund
9%
Melanie Thornton
9%
Immanuel Kant
8%
Emma Myers
6%
Paul Wesley
6%
Benni Grams
5%
Freddy Highmore
5%
Harriet Tubman
5%
Marvyn Macnificent
5%
William Baldwin
5%
Alina Merkau
4%
Bernhard Grzimek
4%
Kilian Kerner
4%
Charles Dickens
3%
Satou Sabally
3%
Freida McFadden
2%
Frieda Braun
2%
Rosanna Rocci
2%
Duncan Jones
1%
Giuseppe Verdi
1%
Henry Ford
1%
Ilhan Omar
1%
Ingo Thiel
1%
Jennifer Lee
1%
Sergio Mattarella
1%
Anton Wilhelm Amo
0%
Isabella Parkinson
0%
Ruby Bridges
0%
Tommi Hilfiger
0%
Keine übereinstimmenden Quizze gefunden
Verteilung der Resultate
Anzahl Personen mit jedem Resultat
Perzentil nach korrekt beantworteten Fragen
Ihre Resultats-Entwicklung
Sie haben dieses Quiz noch nicht gespielt